00335nam a22001217a 450000500170000000800410001704100240005808200120008210000230009424500400011730000310015765000250018820240823080516.0240823b |||||||| |||| 00| 0 eng d aEnglish/Afrikaans  a349 LAW lEnglish/Afrikaans  aThe Laws of South West Africa 1962  blvii, 475 pages; c25 cm.  aLegal practice bLaw